Detalles MARC
| 000 -LIDER |
| fixed length control field |
00963nam a2200313 a 4500 |
| 001 - NÚMERO DE CONTROL |
| Identificador de número de control |
00002356 |
| 003 - IDENTIFICACDOR DE NÚMERO DE CONTROL |
| control field |
DO-SdBPM |
| 005 - DATE AND TIME OF LATEST TRANSACTION |
| control field |
20241213082528.0 |
| 007 - CAMPOS FIJOS DE DESCRIPCIÓN FÍSICA |
| fixed length control field |
00002356 |
| 008 - ELEMENTOS DE LONGITUD FIJA |
| fixed length control field |
090819s2005 sp 000 spa d |
| 020 ## - ISBN |
| International Standard Book Number |
8497646983 |
| 040 ## - FUENTE DE CATALOGACIÓN |
| Agencia que crea de manera original el registro |
DO-SdBPM |
| Idioma de catalogación |
spa |
| Agencia que realiza la transcripción |
BPMSU |
| 082 #4 - NÚMERO DE CLASIFICACIÓN DECIMAL DE DEWEY |
| Classification number |
813.4 |
| Item number |
T969a 2005 |
| Edition number |
22 |
| 100 1# - ASIENTO PRINCIPAL -- NOMBRE PERSONAL |
| Nombre personal |
Twain, Mark, |
| Títulos u otras palabras asociadas con el nombre |
1835-1910. |
| 240 ## - TITULO UNIFORME |
| Título uniforme |
The adventures |
| Medio (Designación general de material) |
español |
| 245 #4 - MENCIÓN DE TITULO |
| Título |
Las aventuras de Tom Sawyer / |
| Mención de responsabilidad |
Mark Twain ; traducción Ramón Sopa |
| Subtítulo |
|
| 260 ## - PUBLICACIÓN, DISTRIBUCIÓN, ETC. (PIE DE IMPRENTA) |
| Lugar de publicación, distribución, etc |
Madrid : |
| Nombre del editor, distribuidor, etc. |
Edimat, |
| Fecha de publicación, distribución, etc |
2005 |
| 300 ## - DESCRIPCIÓN FÍSICA |
| Extensión |
268 p. ; |
| Otros detalles físicos |
2o cm. |
| 490 0# - MENCIÓN DE SERIES |
| Mención de serie |
Clásicos de la literatura |
| Volume/sequential designation |
|
| 590 ## - NOTA LOCAL |
| Texto de la nota local |
Inventatariado, 2024/VM |
| 650 #4 - ENCABEZAMIENTO DE MATERIA--TEMÁTICO |
| Término temático o nombre geográfico como elemento de entrada |
Novela juvenil estadounidense |
| Subdivisión cronológica |
Siglo XIX |
| 650 #4 - ENCABEZAMIENTO DE MATERIA--TEMÁTICO |
| Término temático o nombre geográfico como elemento de entrada |
Literatura juvenil estadounidense |
| Subdivisión cronológica |
Siglo XIX |
| 650 #4 - ENCABEZAMIENTO DE MATERIA--TEMÁTICO |
| Término temático o nombre geográfico como elemento de entrada |
Aventuras |
| Subdivisión de forma |
Novela |
| 700 1# - ASIENTO SECUNDARIO -- NOMBRE PERSONAL |
| Nombre personal |
Sopena, Ramón |
| Mención de responsabilidad |
traductor |
| 700 ## - ASIENTO SECUNDARIO -- NOMBRE PERSONAL |
| Término de relación |
Rolfe, Doris |
| Nombre personal |
tr. |
| 830 ## - ASIENTO SECUNDARIO DE SERIE--TÍTULO UNIFORME |
| Nombre de la parte o sección de una obra |
|
| Volume number/sequential designation |
|
| 910 ## - VALIDACIÓN |
| Validación |
VMateo V. Control de calidad. BPMSU |
| 942 ## - ADDED ENTRY ELEMENTS (KOHA) |
| Source of classification or shelving scheme |
Dewey Decimal Classification |
| Koha item type |
Libros |